000 00548nam a2200217Ia 4500
003 GCL
008 140319s9999 xx 000 0 eng d
040 _aGCL /
_cGCL
082 0 4 _a612,01421
_bM I
100 1 _aMACKENNA,B.R
245 1 0 _aILLUSTERATED PHYSIOLOGY /
_cMACKENNA,B.R
700 1 _aCALLANDER, R
260 _a[S.N] :
_bCHURCHILL LIVINGSTONE ،
_c1997
300 _a338 P
650 0 4 _aCELLS
650 0 4 _aDIGESTION
650 0 4 _aNERVOUS SYSTEM
650 0 4 _aHUMAN PHYSIOLOGY
650 0 4 _aBLOOD CIRCULATION
942 _2ddc
_cBK
999 _c13004
_d13004